[Event "Lliga Catalana DH"]
[Site "?"]
[Date "2015.02.28"]
[Round "6.1"]
[White "Rodriguez Cespedes, A."]
[Black "Cruz Sanchez, J."]
[Result "1/2-1/2"]
[WhiteElo "2463"]
[BlackElo "2501"]
[PlyCount "75"]
[EventDate "2015.??.??"]
[EventType "team"]

1. e4 e5 2. Nf3 Nc6 3. Bb5 a6 4. Ba4 Nf6 5. O-O Be7 6. Re1 b5 7. Bb3 d6 8. c3
O-O 9. h3 Nb8 10. d4 Nbd7 11. Nbd2 Bb7 12. Bc2 Re8 13. a4 Bf8 14. b3 c6 15. Bb2
g6 16. Bd3 Nh5 17. Qc2 Bg7 18. Rad1 Qb6 19. Bf1 Rac8 20. b4 c5 21. bxc5 dxc5
22. dxe5 Bc6 23. axb5 axb5 24. c4 b4 25. g3 Rb8 26. Bg2 Nxe5 27. Nxe5 Bxe5 28.
Bxe5 Rxe5 29. Kh2 Re7 30. Nf1 Rbe8 31. Ne3 b3 32. Qc3 Bxe4 33. Bxe4 Rxe4 34.
Ng4 f6 35. Rxe4 Rxe4 36. Rb1 Qb4 37. Rxb3 Qxc3 38. Rxc3 1/2-1/2

[Event "Lliga Catalana DH"]
[Site "?"]
[Date "2015.02.28"]
[Round "6.2"]
[White "Cruz Estrada, F."]
[Black "Alarcon Casellas, R."]
[Result "1/2-1/2"]
[WhiteElo "2462"]
[BlackElo "2503"]
[PlyCount "52"]
[EventDate "2015.??.??"]
[EventType "team"]

1. Nf3 d5 2. c4 c6 3. d4 Nf6 4. Nc3 dxc4 5. a4 Bf5 6. e3 e6 7. Bxc4 Bb4 8. O-O
O-O 9. Qe2 Bg6 10. Ne5 Nbd7 11. Nxg6 hxg6 12. Rd1 Qa5 13. Bd2 e5 14. h3 Rad8
15. Be1 exd4 16. exd4 Nb6 17. Bb3 Nbd5 18. Qf3 Rd7 19. Rd3 Qd8 20. Nxd5 Nxd5
21. Bxd5 Bxe1 22. Bc4 Bb4 23. Rad1 Qh4 24. b3 Qf6 25. d5 Qxf3 26. Rxf3 Rfd8
1/2-1/2

[Event "Lliga Catalana DH"]
[Site "?"]
[Date "2015.02.28"]
[Round "6.3"]
[White "Vidarte Morales, A."]
[Black "Escuder Vilaltella, J."]
[Result "1-0"]
[WhiteElo "2444"]
[BlackElo "2396"]
[PlyCount "89"]
[EventDate "2015.??.??"]
[EventType "team"]

1. d4 d5 2. c4 e6 3. Nc3 c6 4. Qc2 Nf6 5. e3 Nbd7 6. Nf3 Bd6 7. Bd3 Qe7 8. O-O
O-O 9. c5 Bc7 10. e4 dxe4 11. Nxe4 Nxe4 12. Bxe4 h6 13. Re1 Nf6 14. Bd3 Nd5 15.
a3 Bd7 16. Bd2 Qf6 17. Rad1 Rfe8 18. Ne5 Bxe5 19. dxe5 Qe7 20. Qc4 f5 21. exf6
Qxf6 22. Qe4 Qf5 23. Qd4 Qf6 24. Re5 Rf8 25. f3 Qe7 26. b4 Rad8 27. Qg4 Nf6 28.
Qg3 Kh8 29. Qh4 Bc8 30. Bg5 Qf7 31. Bxf6 Qxf6 32. Qe4 Kg8 33. Re1 Rd5 34. f4
Rfd8 35. Qh7+ Kf7 36. R5e3 Rd4 37. g3 b5 38. Be2 Rd2 39. f5 Qd4 40. fxe6+ Ke7
41. Qe4 Qxe4 42. Rxe4 Ra2 43. Rf1 Rdd2 44. Rf7+ Ke8 45. e7 1-0

[Event "Lliga Catalana DH"]
[Site "?"]
[Date "2015.02.28"]
[Round "6.4"]
[White "Rivero Ojeda, C."]
[Black "Vehi Bach, VM."]
[Result "0-1"]
[WhiteElo "2346"]
[BlackElo "2414"]
[PlyCount "56"]
[EventDate "2015.??.??"]
[EventType "team"]

1. e4 c5 2. c3 Nf6 3. e5 Nd5 4. d4 cxd4 5. Qxd4 e6 6. Bc4 Nc6 7. Qe4 Nde7 8.
Bf4 Ng6 9. Bg3 f5 10. exf6 d5 11. f7+ Kxf7 12. Qf3+ Kg8 13. Bb3 Bc5 14. Nd2 Nh4
15. Qh5 Nf5 16. Nh3 Bd7 17. Qe2 Qf6 18. O-O Nxg3 19. hxg3 g5 20. Rad1 Rd8 21.
Rfe1 Kg7 22. Qg4 h6 23. Nf4 h5 24. Nxe6+ Bxe6 25. Qxe6 Bxf2+ 26. Kh2 Bxg3+ 27.
Kh1 Bxe1 28. Qxe1 Rhe8 0-1

[Event "Lliga Catalana DH"]
[Site "?"]
[Date "2015.02.28"]
[Round "6.5"]
[White "Gonzalez Rodriguez, RO."]
[Black "Gonzalez Garcia, M."]
[Result "0-1"]
[WhiteElo "2320"]
[BlackElo "2331"]
[PlyCount "84"]
[EventDate "2015.??.??"]
[EventType "team"]

1. d4 Nf6 2. Nf3 d5 3. e3 Bg4 4. Nbd2 Nbd7 5. h3 Bh5 6. g4 Bg6 7. Nh4 e5 8.
Nxg6 hxg6 9. dxe5 Nxe5 10. Bg2 c6 11. Qe2 Bc5 12. c3 Qe7 13. b4 Bb6 14. Bb2 a5
15. a3 Rd8 16. Rd1 O-O 17. Kf1 Rfe8 18. Rg1 g5 19. Bh1 Ng6 20. Nb3 a4 21. Nd4
Bxd4 22. Rxd4 b5 23. Qd1 Nh4 24. Bc1 Ne4 25. Rd3 Qf6 26. Qe2 Nd6 27. Ke1 Nc4
28. Rg3 Re6 29. Kd1 Rde8 30. Rd4 Qg6 31. Qc2 Qxc2+ 32. Kxc2 Rf6 33. f3 Nxe3+
34. Kd3 Rfe6 35. Rg1 Ng6 36. h4 Nf4+ 37. Rxf4 gxf4 38. g5 Nc4 39. Bxf4 Re1 40.
Rxe1 Rxe1 41. Bg2 Nxa3 42. Bh3 Nc4 0-1

[Event "Lliga Catalana DH"]
[Site "?"]
[Date "2015.02.28"]
[Round "6.6"]
[White "Boix Moreno, D."]
[Black "Fernandez Cazorla, A."]
[Result "1/2-1/2"]
[WhiteElo "2320"]
[BlackElo "2322"]
[PlyCount "64"]
[EventDate "2015.??.??"]
[EventType "team"]

1. e4 c5 2. Nc3 e6 3. Nf3 a6 4. d4 cxd4 5. Nxd4 Nc6 6. Nxc6 bxc6 7. Bd3 d5 8.
O-O Nf6 9. Qe2 Be7 10. b3 O-O 11. Bb2 Qc7 12. Rfe1 Re8 13. Rad1 d4 14. Na4 e5
15. c3 c5 16. Rc1 Qa5 17. f4 Bd6 18. fxe5 Bxe5 19. cxd4 cxd4 20. Rc5 Qd8 21. h3
Bb7 22. Qf2 Qd6 23. Rxe5 Rxe5 24. Bxd4 Rxe4 25. Bxe4 Nxe4 26. Qe3 h6 27. Nc5
Nxc5 28. Bxc5 Qg6 29. Qf2 Rd8 30. Be3 Re8 31. Bd2 Rxe1+ 32. Bxe1 Qe4 1/2-1/2

[Event "Lliga Catalana DH"]
[Site "?"]
[Date "2015.02.28"]
[Round "6.7"]
[White "Asensio Liñan, T."]
[Black "Leiro Giralt, D."]
[Result "0-1"]
[WhiteElo "2254"]
[BlackElo "2304"]
[PlyCount "78"]
[EventDate "2015.??.??"]
[EventType "team"]

1. e4 e5 2. f4 d5 3. exd5 exf4 4. Nf3 Nf6 5. c4 c6 6. d4 cxd5 7. c5 Be7 8. Bxf4
O-O 9. Nc3 Nc6 10. Bb5 Bg4 11. Bxc6 bxc6 12. Qd3 Bxf3 13. Qxf3 Ne4 14. O-O Bf6
15. Rad1 Ng5 16. Qg4 Ne6 17. Bg3 h5 18. Qxh5 Bxd4+ 19. Rxd4 Nxd4 20. Bd6 Ne6
21. h4 Qd7 22. Bxf8 Nxf8 23. b4 Qe7 24. Qf3 Re8 25. Nd1 Nd7 26. Qf5 Nf6 27. Nf2
Qe3 28. Kh2 Qd4 29. Qg5 Qxb4 30. h5 Qd4 31. h6 Qe5+ 32. Qxe5 Rxe5 33. hxg7 Rf5
34. Kg1 Ne4 35. Nxe4 Rxf1+ 36. Kxf1 dxe4 37. g4 Kxg7 38. Kf2 Kf6 39. Ke3 Ke5
0-1

[Event "Lliga Catalana DH"]
[Site "?"]
[Date "2015.02.28"]
[Round "6.8"]
[White "Gallart Zafra, J."]
[Black "Soler Rionegro, A."]
[Result "1-0"]
[WhiteElo "2299"]
[BlackElo "2058"]
[PlyCount "99"]
[EventDate "2015.??.??"]
[EventType "team"]

1. e4 c5 2. Nf3 Nc6 3. d4 cxd4 4. Nxd4 g6 5. Nc3 Bg7 6. Be3 Nf6 7. Be2 d6 8.
O-O O-O 9. Kh1 Bd7 10. Nb3 a6 11. f4 h6 12. Qe1 Nb4 13. Qd2 Kh7 14. Rad1 Nc6
15. Bf3 Bg4 16. Qe2 Bxf3 17. Qxf3 Qc8 18. h3 Ng8 19. Nd5 Rb8 20. Nb6 Qc7 21. c3
Nf6 22. Rfe1 e6 23. Nd2 Ne7 24. c4 Nd7 25. Nxd7 Qxd7 26. b3 Nc6 27. Nf1 Qe7 28.
Qf2 Rbd8 29. e5 Rfe8 30. exd6 Qd7 31. Ng3 e5 32. f5 Nd4 33. f6 Bf8 34. Bxd4
exd4 35. Rxe8 Qxe8 36. c5 Qe5 37. b4 b6 38. Rc1 h5 39. Nf1 Bh6 40. Re1 Qd5 41.
Qf3 Qxa2 42. Re7 bxc5 43. bxc5 Bf8 44. Qd3 Qd5 45. Ne3 Qxc5 46. Rxf7+ Kh6 47.
Nc4 Bxd6 48. Nxd6 Rxd6 49. Qd2+ Qg5 50. Rh7+ 1-0

[Event "Lliga Catalana DH"]
[Site "?"]
[Date "2015.02.28"]
[Round "6.9"]
[White "Gil Gil, A."]
[Black "Prat Llables, J."]
[Result "0-1"]
[WhiteElo "1981"]
[BlackElo "2294"]
[PlyCount "60"]
[EventDate "2015.??.??"]
[EventType "team"]

1. e4 c5 2. Nf3 Nc6 3. d4 cxd4 4. Nxd4 Nf6 5. Nc3 e5 6. Ndb5 d6 7. Nd5 Nxd5 8.
exd5 Nb8 9. c4 Be7 10. Bd3 a6 11. Nc3 O-O 12. f4 Nd7 13. Ne4 f5 14. Ng5 Nc5 15.
Bc2 exf4 16. Nf3 Bh4+ 17. Kf1 Ne4 18. Bxf4 Nf2 19. Qd2 Nxh1 20. g3 Bf6 21. Kg2
Bxb2 22. Rxh1 Bf6 23. h4 b5 24. g4 Ra7 25. g5 Be5 26. Bxe5 dxe5 27. c5 e4 28.
Nd4 e3 29. Qc3 Qxd5+ 30. Kh3 Qxh1+ 0-1

[Event "Lliga Catalana DH"]
[Site "?"]
[Date "2015.02.28"]
[Round "6.10"]
[White "Marques Taltavull, A."]
[Black "Sole Bove, J."]
[Result "1-0"]
[WhiteElo "2233"]
[BlackElo "2007"]
[PlyCount "140"]
[EventDate "2015.??.??"]
[EventType "team"]

1. c4 Nf6 2. Nc3 d5 3. cxd5 Nxd5 4. e4 Nxc3 5. bxc3 g6 6. Bc4 Bg7 7. Ne2 O-O 8.
O-O c5 9. a4 Qc7 10. Ba3 Rd8 11. Qc2 e6 12. f4 Nc6 13. Ng3 Bh6 14. e5 Bf8 15.
Ne4 Na5 16. Ba2 b6 17. Rae1 Ba6 18. Rf3 c4 19. Nf6+ Kg7 20. Bxf8+ Rxf8 21. Rh3
Rh8 22. Re2 Bb7 23. Qd1 Rad8 24. Qe1 Qc5+ 25. Kh1 Rd3 26. Rxd3 cxd3 27. Re3 Qc6
28. Rg3 Qxa4 29. Bb1 Rd8 30. Bxd3 Nb3 31. Bc2 Qa1 32. Qxa1 Nxa1 33. Rd3 Rxd3
34. Bxd3 Nb3 35. Ne8+ Kf8 36. Nd6 Nc5 37. Bc2 Ba6 38. d4 Nb7 39. Nc8 Nd8 40.
Nxa7 Ke7 41. Ba4 h6 42. Kg1 f6 43. Kf2 fxe5 44. fxe5 Bb7 45. Bc2 g5 46. Nb5 Nf7
47. g3 Bc6 48. c4 Bxb5 49. cxb5 Kd7 50. Kf3 Ke7 51. Ke4 Nd8 52. Bb3 Nb7 53. Bc4
Na5 54. Ba2 Nb7 55. Kf3 Nd8 56. d5 Nf7 57. d6+ Kd7 58. Ke4 Nd8 59. Kd4 Nb7 60.
Bb1 Na5 61. Bc2 Nb7 62. Ke4 Nd8 63. h4 Nf7 64. Bd1 Nd8 65. hxg5 hxg5 66. Bh5
Nb7 67. Kf3 Nc5 68. Bg6 Kc8 69. Kg4 Nd7 70. Kxg5 Nxe5 1-0

[Event "Lliga Catalana DH"]
[Site "?"]
[Date "2015.02.28"]
[Round "6.1"]
[White "Guerra Mendez, JA."]
[Black "Muñoz Pantoja, MA."]
[Result "1-0"]
[WhiteElo "2442"]
[BlackElo "2475"]
[PlyCount "185"]
[EventDate "2015.??.??"]
[EventType "team"]

1. e4 d5 2. exd5 Qxd5 3. Nc3 Qa5 4. d4 Nf6 5. Nf3 Bg4 6. h3 Bxf3 7. Qxf3 c6 8.
g3 Qb6 9. Bg2 e6 10. O-O Nbd7 11. Rd1 Bd6 12. Ne4 Nxe4 13. Qxe4 Nf6 14. Qf3 O-O
15. c4 Be7 16. Rb1 Rad8 17. Be3 Qa6 18. Bf1 Qxa2 19. b4 a6 20. Rdc1 Qa3 21. Qd1
Bxb4 22. Ra1 Qb2 23. Rcb1 Qc3 24. Rb3 e5 25. Rxc3 Bxc3 26. Ra3 exd4 27. Rxc3
dxe3 28. Rd3 exf2+ 29. Kxf2 Ne4+ 30. Kg2 Ra8 31. Re3 Rfd8 32. Bd3 Nf6 33. g4 h6
34. h4 g6 35. Qf3 Kg7 36. Qf4 h5 37. gxh5 Nxh5 38. Qe5+ Kg8 39. Qg5 Rd4 40. Rf3
Rd6 41. Kf2 Rad8 42. Be2 b5 43. Qe7 R8d7 44. Qe8+ Kg7 45. Qe5+ Nf6 46. Rf4 Re6
47. Qb2 Rde7 48. Bf3 bxc4 49. Rxc4 Kh7 50. Bxc6 Ne4+ 51. Bxe4 Rxe4 52. Rc8 R7e5
53. Rf8 Rf5+ 54. Kg3 Re3+ 55. Kg2 Ree5 56. Rxf7+ Rxf7 57. Qxe5 Rf5 58. Qc7+ Kh6
59. Qc8 Kg7 60. Qxa6 Rf7 61. Kg3 Rf5 62. Kg4 Kh7 63. Qb7+ Kg8 64. Qe7 Kh8 65.
Qe6 Kg7 66. Qe8 Kh7 67. Qd7+ Kg8 68. Qd6 Kg7 69. Qd4+ Kh7 70. Qd8 Kg7 71. Qd4+
Kh7 72. Qd8 Kg7 73. Qc7+ Kg8 74. Qe7 Kh8 75. h5 Rxh5 76. Qf8+ Kh7 77. Qf7+ Kh6
78. Qg8 Rg5+ 79. Kh4 Rh5+ 80. Kg4 Rg5+ 81. Kf4 Rf5+ 82. Ke4 Kg5 83. Qh8 Rf4+
84. Ke5 Kg4 85. Qh6 g5 86. Qh2 Rf5+ 87. Ke6 Rf4 88. Qh1 Rf3 89. Qg2+ Kf4 90.
Kf6 g4 91. Qd2+ Re3 92. Qf2+ Rf3 93. Qd4+ 1-0

[Event "Lliga Catalana DH"]
[Site "?"]
[Date "2015.02.28"]
[Round "6.2"]
[White "Pablo Mari, A."]
[Black "Oratovsky, M."]
[Result "0-1"]
[WhiteElo "2442"]
[BlackElo "2530"]
[PlyCount "79"]
[EventDate "2015.??.??"]
[EventType "team"]

1. e4 c5 2. Nf3 e6 3. d4 cxd4 4. Nxd4 a6 5. Bd3 Bc5 6. Nb3 Be7 7. c4 d6 8. Nc3
Nf6 9. Be3 b6 10. f4 Bb7 11. O-O Nbd7 12. Qe2 h5 13. Rad1 g6 14. e5 dxe5 15.
fxe5 Ng4 16. Be4 Qc7 17. Bd4 O-O 18. Bxb7 Qxb7 19. Ne4 Ngxe5 20. Bc3 Qc7 21. h3
Rad8 22. Qe3 Qxc4 23. Nd6 Qc6 24. Ne4 Nc5 25. Qh6 Ncd7 26. Qe3 Nc4 27. Qh6 e5
28. Ng5 Bxg5 29. Qxg5 Kg7 30. Nd4 exd4 31. Rxd4 f6 32. Qg3 Nce5 33. Rfd1 Rfe8
34. Rd6 Qc5+ 35. Kh1 Re7 36. R1d5 Qc4 37. Qf2 Rf7 38. Rd4 Qxa2 39. Rxb6 Qb1+
40. Kh2 0-1

[Event "Lliga Catalana DH"]
[Site "?"]
[Date "2015.02.28"]
[Round "6.3"]
[White "Martinez Alcantara, JE."]
[Black "Pomes Marcet, J."]
[Result "1-0"]
[WhiteElo "2414"]
[BlackElo "2397"]
[PlyCount "71"]
[EventDate "2015.??.??"]
[EventType "team"]

1. c4 c6 2. d4 d5 3. Nf3 Nf6 4. e3 Bf5 5. Nc3 e6 6. Nh4 Be4 7. f3 Bg6 8. Qb3
Qb6 9. Nxg6 hxg6 10. g3 Bd6 11. Kf2 Qc7 12. Kg2 Nbd7 13. Bd2 Bxg3 14. cxd5 exd5
15. hxg3 Rxh1 16. Kxh1 Qxg3 17. Bg2 O-O-O 18. Kg1 Rh8 19. Ne2 Qh2+ 20. Kf2 Ne4+
21. fxe4 Nf6 22. Kf1 Nxe4 23. Be1 Rh4 24. Bxe4 dxe4 25. Ng3 Qh3+ 26. Ke2 Qg4+
27. Kd2 Rh2+ 28. Kc1 Qf3 29. a4 Rg2 30. Kb1 a5 31. Ka2 Kb8 32. Rc1 Ka7 33. d5
c5 34. d6 Qf6 35. Nxe4 Qe5 36. Nxc5 1-0

[Event "Lliga Catalana DH"]
[Site "?"]
[Date "2015.02.28"]
[Round "6.4"]
[White "Ubach Miralda, M."]
[Black "Hernando Rodrigo, JA."]
[Result "0-1"]
[WhiteElo "2391"]
[BlackElo "2400"]
[PlyCount "62"]
[EventDate "2015.??.??"]
[EventType "team"]

1. e4 e6 2. d4 d5 3. Nd2 c5 4. c3 cxd4 5. cxd4 Nc6 6. Ngf3 Bb4 7. e5 Nh6 8. Bd3
Qb6 9. O-O Nf5 10. Nb3 a5 11. a4 Bd7 12. g4 Nfe7 13. Be3 h5 14. h3 hxg4 15.
hxg4 f5 16. Ng5 Rh4 17. gxf5 Nxf5 18. Bxf5 exf5 19. e6 Rg4+ 20. Kh1 Ke7 21. Qf3
Rh8+ 22. Nh3 Bxe6 23. Rg1 Kd7 24. Rg3 Bd6 25. Nc5+ Kc8 26. Nxe6 Rxg3 27. fxg3
Rxh3+ 28. Kg2 Rxg3+ 29. Qxg3 Bxg3 30. Kxg3 Qxb2 31. Rh1 Qe2 0-1

[Event "Lliga Catalana DH"]
[Site "?"]
[Date "2015.02.28"]
[Round "6.5"]
[White "Escandell Mari, JC."]
[Black "Simon Padros, E."]
[Result "1-0"]
[WhiteElo "2386"]
[BlackElo "2327"]
[PlyCount "107"]
[EventDate "2015.??.??"]
[EventType "team"]

1. e4 e6 2. d4 d5 3. Nd2 Nf6 4. e5 Nfd7 5. Bd3 c5 6. c3 b6 7. Ne2 Ba6 8. Bxa6
Nxa6 9. Nf4 Nc7 10. O-O c4 11. Qg4 b5 12. Nf3 a5 13. Bd2 g6 14. h4 h6 15. Nh3
Be7 16. h5 g5 17. Nh2 f5 18. exf6 Nxf6 19. Qe2 Qd7 20. Ng4 Nxg4 21. Qxg4 O-O-O
22. f4 gxf4 23. Bxf4 Rdg8 24. Qe2 Bd6 25. Bxd6 Qxd6 26. Nf4 Rh7 27. Ng6 Qg3 28.
Rf3 Qg5 29. Raf1 Kb7 30. Rf6 Re8 31. R1f4 Rd7 32. a3 Rd6 33. Rf7 b4 34. Qd1
bxa3 35. bxa3 Rb6 36. Qa4 Rc8 37. Qd1 Rb2 38. Rg4 Qe3+ 39. Kh2 Qxc3 40. Ne7 Rd2
41. Qb1+ Qb3 42. Qh7 Qd3 43. Nxc8 Qxh7 44. Rxh7 Kxc8 45. Rg8+ Kb7 46. Rgg7 Rxd4
47. Rxc7+ Kb6 48. Rce7 Re4 49. Rxh6 Kc5 50. Rexe6 Rg4 51. Kh3 Rg5 52. Rc6+ Kd4
53. g4 Re5 54. Rhe6 1-0

[Event "Lliga Catalana DH"]
[Site "?"]
[Date "2015.02.28"]
[Round "6.6"]
[White "Duran Albareda, X."]
[Black "Bru Rullo, L."]
[Result "1-0"]
[WhiteElo "2329"]
[BlackElo "2261"]
[PlyCount "88"]
[EventDate "2015.??.??"]
[EventType "team"]

1. e4 e5 2. Nf3 Nc6 3. d4 exd4 4. Nxd4 Nf6 5. Nc3 Bb4 6. Nxc6 bxc6 7. Bd3 d5 8.
exd5 cxd5 9. O-O O-O 10. Bg5 c6 11. Qf3 Be7 12. Rfe1 h6 13. Bf4 Be6 14. h3 Nd7
15. Rad1 Bf6 16. Na4 Re8 17. b3 Qa5 18. Qg3 Kh8 19. a3 d4 20. Re2 Nb6 21. Re5
Bxe5 22. Bxe5 Rg8 23. Nxb6 axb6 24. Qf4 f6 25. Bxf6 Qh5 26. Re1 Raf8 27. Rxe6
Rxf6 28. Rxf6 gxf6 29. Qxf6+ Rg7 30. Qxc6 Qg5 31. g3 h5 32. h4 Qe5 33. Kg2 Kg8
34. Qxb6 Qd5+ 35. Kg1 Qe5 36. Qd8+ Kf7 37. Bc4+ Kg6 38. Qb6+ Kh7 39. Qc6 Re7
40. Qf3 Kg7 41. a4 Qe1+ 42. Kg2 Qe5 43. b4 Qc7 44. Bd3 Qe5 1-0

[Event "Lliga Catalana DH"]
[Site "?"]
[Date "2015.02.28"]
[Round "6.7"]
[White "Castellet Giralt, G."]
[Black "Armengol Comas, J."]
[Result "1/2-1/2"]
[WhiteElo "2286"]
[BlackElo "2320"]
[PlyCount "62"]
[EventDate "2015.??.??"]
[EventType "team"]

1. d4 d5 2. c4 c6 3. Nf3 Nf6 4. Nc3 a6 5. cxd5 cxd5 6. Bf4 Nc6 7. e3 e6 8. Bd3
Bd6 9. Bxd6 Qxd6 10. O-O O-O 11. Rc1 e5 12. dxe5 Nxe5 13. Nxe5 Qxe5 14. h3 Be6
15. Bc2 Rfd8 16. Qd3 g6 17. Rfd1 Rac8 18. Qd4 Qxd4 19. Rxd4 Ne4 20. Ne2 f5 21.
f3 Nf6 22. Bb3 Rxc1+ 23. Nxc1 Kf7 24. Nd3 Rc8 25. Kf2 Ke7 26. g4 fxg4 27. hxg4
h5 28. Kg3 a5 29. gxh5 Nxh5+ 30. Kg2 Nf6 31. Nf2 Rc1 1/2-1/2

[Event "Lliga Catalana DH"]
[Site "?"]
[Date "2015.02.28"]
[Round "6.8"]
[White "Sadrija, E."]
[Black "Garcia Acosta, R."]
[Result "1-0"]
[WhiteElo "2278"]
[BlackElo "2216"]
[PlyCount "61"]
[EventDate "2015.??.??"]
[EventType "team"]

1. d4 d5 2. g3 Nf6 3. Bg2 e6 4. Nf3 b6 5. Ne5 Bb7 6. c3 Bd6 7. O-O O-O 8. Nd2
c5 9. e3 Nc6 10. f4 Nd7 11. Nxc6 Bxc6 12. e4 cxd4 13. cxd4 dxe4 14. Nxe4 Nb8
15. Be3 Bd5 16. f5 exf5 17. Rxf5 Be6 18. Rf2 Na6 19. Qa4 Nc7 20. Nxd6 Qxd6 21.
Bf4 Qd8 22. Bxa8 Nxa8 23. Rc1 Qd5 24. b3 Qe4 25. h4 Bd5 26. Kh2 h6 27. Qd7 Be6
28. Qxa7 Qxd4 29. Rd2 Qe4 30. Qe7 b5 31. Bd6 1-0

[Event "Lliga Catalana DH"]
[Site "?"]
[Date "2015.02.28"]
[Round "6.9"]
[White "Valencia Jimenez, J."]
[Black "Del Amo Carbo, J."]
[Result "1-0"]
[WhiteElo "2185"]
[BlackElo "2207"]
[PlyCount "99"]
[EventDate "2015.??.??"]
[EventType "team"]

1. d4 Nf6 2. c4 e6 3. Nf3 b6 4. g3 Bb7 5. Bg2 Be7 6. O-O O-O 7. Nc3 d5 8. Ne5
Nbd7 9. Qa4 c6 10. Nxc6 Bxc6 11. Qxc6 Rc8 12. Qa4 Rxc4 13. Qd1 Bb4 14. Qd3 Bxc3
15. bxc3 Qc8 16. Bd2 b5 17. f4 Nb6 18. f5 Re8 19. Rac1 exf5 20. Rxf5 Ne4 21.
Rf4 Nxd2 22. Qxd2 b4 23. Rf3 Na4 24. Rxf7 Nxc3 25. Rxg7+ Kxg7 26. Qg5+ Kh8 27.
Qf6+ Kg8 28. Rxc3 Qd8 29. Qxd8 Rxd8 30. Bxd5+ Rxd5 31. Rxc4 a5 32. e4 Rb5 33.
Kf2 a4 34. Ke2 a3 35. Rc8+ Kf7 36. Rc7+ Ke6 37. Ra7 b3 38. axb3 Rxb3 39. Rxh7
Rb2+ 40. Kd3 a2 41. Rh6+ Ke7 42. Ra6 Rxh2 43. d5 Rg2 44. Kd4 Rxg3 45. Rxa2 Rg4
46. Ra6 Rh4 47. Ra7+ Kd6 48. Rf7 Rh5 49. e5+ Rxe5 50. Rf6+ 1-0

[Event "Lliga Catalana DH"]
[Site "?"]
[Date "2015.02.28"]
[Round "6.10"]
[White "Carol Querol, S."]
[Black "Vives Jaume, O."]
[Result "1-0"]
[WhiteElo "2188"]
[BlackElo "2196"]
[PlyCount "105"]
[EventDate "2015.??.??"]
[EventType "team"]

1. d4 d5 2. c4 c6 3. cxd5 cxd5 4. Nf3 Nf6 5. Nc3 Nc6 6. Bf4 a6 7. e3 Bg4 8. Be2
Rc8 9. O-O e6 10. Qb3 b5 11. a4 b4 12. Nb1 Bxf3 13. gxf3 Na5 14. Qd3 Rc6 15. e4
Nh5 16. Bg3 Be7 17. f4 dxe4 18. Qxe4 Nxg3 19. hxg3 O-O 20. Nd2 Rd6 21. Nf3 Qb6
22. Rad1 Rfd8 23. Rd3 Bf6 24. Rfd1 Nc4 25. Rb3 Bxd4 26. Nxd4 Rxd4 27. Rbd3 Rxd3
28. Rxd3 Nd6 29. Qe5 a5 30. Qg5 Nb7 31. Qe7 g6 32. Rxd8+ Nxd8 33. Bb5 Nb7 34.
g4 Nd6 35. g5 Nf5 36. Qf6 Qd6 37. Be8 Qe7 38. Qxe7 Nxe7 39. Kg2 Kf8 40. Bb5 Nf5
41. Kf3 Nd4+ 42. Ke4 Nxb5 43. axb5 Ke7 44. Kd4 Kd6 45. Kc4 Kd7 46. Kc5 Kc7 47.
b6+ Kb7 48. Kb5 a4 49. Kxa4 Kxb6 50. Kxb4 Kc6 51. Kc4 Kd6 52. Kd4 Kc6 53. Ke5
1-0

[Event "Lliga Catalana DH"]
[Site "?"]
[Date "2015.03.07"]
[Round "7.1"]
[White "Jerez Perez, A."]
[Black "Alsina Leal, D."]
[Result "1/2-1/2"]
[WhiteElo "2466"]
[BlackElo "2567"]
[PlyCount "90"]
[EventDate "2015.??.??"]
[EventType "team"]

1. e4 c5 2. Nf3 e6 3. c3 Nf6 4. e5 Nd5 5. g3 d6 6. Bg2 Nc6 7. exd6 Bxd6 8. O-O
O-O 9. d4 cxd4 10. Nxd4 Nxd4 11. Qxd4 Qc7 12. Nd2 Bd7 13. Ne4 Be5 14. Qc5 Qb8
15. Re1 b5 16. c4 bxc4 17. Qxc4 Bb5 18. Qb3 a5 19. Nc3 Bxc3 20. bxc3 a4 21. Qb2
Bc4 22. Qxb8 Raxb8 23. Bxd5 Bxd5 24. Ba3 Rfc8 25. Bb4 g5 26. h3 Rc4 27. a3 Rbc8
28. Rad1 Kg7 29. Re3 Kg6 30. Red3 Re4 31. Rd4 Rc4 32. Kf1 Kf5 33. Rxe4 Rxe4 34.
Rd4 h5 35. Rxe4 Kxe4 36. Be7 Bc4+ 37. Ke1 g4 38. hxg4 hxg4 39. Kd2 Kf3 40. Bc5
f5 41. Bb6 e5 42. Bc5 f4 43. gxf4 exf4 44. Bd6 Ke4 45. Bc7 Kf3 1/2-1/2

[Event "Lliga Catalana DH"]
[Site "?"]
[Date "2015.03.07"]
[Round "7.2"]
[White "Vila Gazquez, X."]
[Black "Torrecillas Martinez, A."]
[Result "1/2-1/2"]
[WhiteElo "2512"]
[BlackElo "2408"]
[PlyCount "113"]
[EventDate "2015.??.??"]
[EventType "team"]

1. e4 e6 2. d3 d5 3. Nd2 Nf6 4. g3 Nc6 5. Ngf3 e5 6. Bg2 Bc5 7. O-O O-O 8. exd5
Nxd5 9. Re1 Re8 10. c3 a5 11. Nc4 f6 12. d4 exd4 13. Rxe8+ Qxe8 14. Nxd4 Bxd4
15. Bxd5+ Be6 16. Ne3 Bxe3 17. Bxe3 Rd8 18. Bxe6+ Qxe6 19. Qb3 Qxb3 20. axb3 b6
21. Kf1 Kf7 22. Ke2 g5 23. Ra4 Ne5 24. f4 Ng4 25. Bg1 h5 26. Rc4 c5 27. b4 axb4
28. cxb4 Rb8 29. h3 Nh6 30. fxg5 fxg5 31. Kf3 Kg6 32. g4 hxg4+ 33. hxg4 Rf8+
34. Kg3 Rf1 35. Be3 Re1 36. Kf3 Nf7 37. Re4 cxb4 38. Kf2 Rd1 39. Rxb4 Ne5 40.
Rxb6+ Kf7 41. Bxg5 Nxg4+ 42. Ke2 Rd5 43. Bd2 Ne5 44. Bc3 Nc4 45. Rb7+ Ke6 46.
b3 Nd6 47. Rh7 Nb5 48. Bb2 Nd4+ 49. Bxd4 Rxd4 50. Rc7 Kd6 51. Rc8 Rb4 52. Rc3
Rb5 53. Kd3 Rd5+ 54. Ke4 Re5+ 55. Kf4 Rb5 56. Rd3+ Kc5 57. Ke3 1/2-1/2

[Event "Lliga Catalana DH"]
[Site "?"]
[Date "2015.03.07"]
[Round "7.3"]
[White "Ryan, J."]
[Black "Pardo Simon, D."]
[Result "0-1"]
[WhiteElo "2345"]
[BlackElo "2474"]
[PlyCount "100"]
[EventDate "2015.??.??"]
[EventType "team"]

1. e4 c5 2. Nf3 e6 3. b3 b6 4. c4 Bb7 5. Nc3 Nc6 6. Bb2 Nf6 7. g3 Nd4 8. d3 d5
9. Bg2 dxe4 10. Nxd4 cxd4 11. Nxe4 Nxe4 12. Bxe4 Bxe4 13. dxe4 Bb4+ 14. Kf1 e5
15. Qd3 O-O 16. Kg2 Qe7 17. a3 Bd6 18. h4 h6 19. Bc1 Rfc8 20. a4 Rab8 21. f4 a6
22. f5 b5 23. axb5 axb5 24. g4 bxc4 25. bxc4 Qc7 26. f6 Qxc4 27. Rd1 Qe6 28.
Qf3 Rb3 29. Qf5 Rc2+ 30. Kh1 Qxf5 31. gxf5 Rh3+ 32. Kg1 gxf6 33. Rd2 Rxd2 34.
Bxd2 Rxh4 35. Re1 Kh7 36. Kg2 Rg4+ 37. Kf3 Rg8 38. Rh1 Bf8 39. Rb1 Bg7 40. Rb7
Ra8 41. Rxf7 h5 42. Rb7 Ra3+ 43. Ke2 h4 44. Rb1 h3 45. Rg1 Bh6 46. Bxh6 Kxh6
47. Rg6+ Kh7 48. Rg4 h2 49. Rh4+ Kg7 50. Kd2 Ra1 0-1

[Event "Lliga Catalana DH"]
[Site "?"]
[Date "2015.03.07"]
[Round "7.4"]
[White "Aloma Vidal, R."]
[Black "Garrido Fernandez, D."]
[Result "1-0"]
[WhiteElo "2482"]
[BlackElo "2326"]
[PlyCount "73"]
[EventDate "2015.??.??"]
[EventType "team"]

1. d4 f5 2. Nc3 Nf6 3. Bg5 d5 4. Bxf6 exf6 5. e3 Be6 6. Qf3 Qd7 7. Nge2 g5 8.
Ng3 g4 9. Qd1 h5 10. h4 Bd6 11. Bd3 Nc6 12. Nce2 Nb4 13. O-O O-O-O 14. Nf4 Bxf4
15. exf4 Nxd3 16. Qxd3 Kb8 17. Rfe1 Rde8 18. Re3 Bf7 19. Rae1 Bg6 20. Qa3 Rxe3
21. Rxe3 Re8 22. Qc5 Rxe3 23. fxe3 Qd6 24. Qxd6 cxd6 25. Kf2 b5 26. Ke2 Kb7 27.
Kd3 Kb6 28. Kc3 a5 29. Kb3 Ka6 30. a4 b4 31. Ne2 Kb6 32. c3 bxc3 33. Nxc3 Bf7
34. Ka3 Be6 35. b4 axb4+ 36. Kxb4 Kc6 37. Nb5 1-0

[Event "Lliga Catalana DH"]
[Site "?"]
[Date "2015.03.07"]
[Round "7.5"]
[White "Llaneza Vega, P."]
[Black "Arias Boo, G."]
[Result "1/2-1/2"]
[WhiteElo "2296"]
[BlackElo "2389"]
[PlyCount "51"]
[EventDate "2015.??.??"]
[EventType "team"]

1. e4 e5 2. Nc3 Bc5 3. Bc4 Nf6 4. Nf3 Nc6 5. d3 d6 6. Na4 Bb6 7. Nxb6 axb6 8.
O-O Be6 9. Re1 O-O 10. Bg5 h6 11. Bh4 Qe7 12. Bb3 Bxb3 13. Bxf6 Qxf6 14. axb3
Ne7 15. Rxa8 Rxa8 16. Nd2 b5 17. Nf1 Qe6 18. d4 exd4 19. Qxd4 Nc6 20. Qd3 Qe5
21. Ne3 Ne7 22. h3 Ra2 23. Qc3 Qxc3 24. bxc3 g6 25. Rd1 f6 26. Kf1 1/2-1/2